Embriología clínica: el desarrollo del ser humano
-д хадгалсан:
| Үндсэн зохиолч: | |
|---|---|
| Бусад зохиолчид: | |
| Формат: | Ном |
| Хэл сонгох: | испани |
| Хэвлэсэн: |
Madrid, España
Elsevier
2004
|
| Хэвлэл: | Séptima edición |
| Нөхцлүүд: | |
| Шошгууд: |
Шошго нэмэх
Шошго байхгүй, Энэхүү баримтыг шошголох эхний хүн болох!
|
MARC
| LEADER | 00000nam a2200000 a 4500 | ||
|---|---|---|---|
| 001 | UCI9577 | ||
| 003 | CL-VaPUC | ||
| 005 | 20231108163743.0 | ||
| 008 | 081128e20040000SP |||||||||||||||||spa|d | ||
| 999 | |c 332091 |d 332089 | ||
| 020 | |a 9788481747256 | ||
| 040 | |c Pontificia Universidad Católica de Valparaíso | ||
| 082 | 0 | 4 | |a 612.64 MOO 2004 |2 21 |
| 100 | |a Moore, Keith L. |e autor |9 598771 | ||
| 245 | 1 | 0 | |a Embriología clínica: el desarrollo del ser humano |
| 250 | |a Séptima edición | ||
| 260 | 0 | 3 | |a Madrid, España |b Elsevier |c 2004 |
| 300 | |a 558 páginas | ||
| 583 | |a last modification |c 20081128 00:00:00 |k Rodrigo Vera | ||
| 650 | 0 | |a Embriología humana |9 310846 | |
| 650 | 0 | |a Desarrollo embrionario |9 343783 | |
| 650 | 7 | |a GAMETOGENESIS |2 CL-VaPUC |9 533415 | |
| 650 | 0 | |a Reproducción |9 269783 | |
| 700 | 0 | |a Persaud, T.V.N |9 533414 | |
| 942 | |c BK |2 ddc | ||
| 945 | |d 20081128 00:00:00 |a rbrito | ||
| 952 | |0 0 |1 0 |2 ddc |4 0 |6 612_640000000000000_MOO_2004 |7 0 |8 A |9 419464 |a BIBCUR |b BIBCUR |d 2019-11-22 |i 4501292 |l 6 |o 612.64 MOO 2004 |p 4501292 |r 2025-04-22 |s 2025-03-27 |t 1 |w 2019-11-22 |y BK |k BIO | ||